Đến với văn hóa Đức Tiểu luận
Uloženo v:
| Hlavní autor: | |
|---|---|
| Médium: | Kniha |
| Jazyk: | Undetermined |
| Vydáno: |
H.
VHTT
2001
|
| Témata: | |
| Tagy: |
Přidat tag
Žádné tagy, Buďte první, kdo otaguje tento záznam!
|
| Thư viện lưu trữ: | Trung tâm Học liệu Trường Đại học Cần Thơ |
|---|
| LEADER | 00505nam a2200181Ia 4500 | ||
|---|---|---|---|
| 001 | CTU_50206 | ||
| 008 | 210402s9999 xx 000 0 und d | ||
| 082 | |a 895.9228 | ||
| 082 | |b Đ561 | ||
| 100 | |a TRẦN ĐƯƠNG | ||
| 245 | 0 | |a Đến với văn hóa Đức | |
| 245 | 0 | |b Tiểu luận | |
| 245 | 0 | |c TRẦN ĐƯƠNG | |
| 260 | |a H. | ||
| 260 | |b VHTT | ||
| 260 | |c 2001 | ||
| 650 | |a vietnamese literature - 20th cnetury | ||
| 980 | |a Trung tâm Học liệu Trường Đại học Cần Thơ | ||